• AIU
  • Tony Wilmot Memorial Library

I will go the distance : (Record no. 63879)

MARC details
000 -LEADER
fixed length control field 00763nam a2200241 a 4500
001 - CONTROL NUMBER
control field 013361622
003 - CONTROL NUMBER IDENTIFIER
control field Uk
005 - DATE AND TIME OF LATEST TRANSACTION
control field 20170619150144.0
008 - FIXED-LENGTH DATA ELEMENTS--GENERAL INFORMATION
fixed length control field 050817s2005 ke 000 0 eng
010 ## - LIBRARY OF CONGRESS CONTROL NUMBER
LC control number 2005326509
020 ## - INTERNATIONAL STANDARD BOOK NUMBER
International Standard Book Number 9966080619 (pbk.)
040 ## - CATALOGING SOURCE
Original cataloging agency DLC
Language of cataloging eng
Transcribing agency DLC
Modifying agency Uk
042 ## - AUTHENTICATION CODE
Authentication code ukblsr
100 1# - MAIN ENTRY--PERSONAL NAME
Personal name Akol, Jacob J.
245 10 - TITLE STATEMENT
Title I will go the distance :
Remainder of title the story of a "lost" Sudanese boy of the sixties /
Statement of responsibility, etc Jacob J. Akol.
260 ## - PUBLICATION, DISTRIBUTION, ETC. (IMPRINT)
Place of publication, distribution, etc Nairobi, Kenya :
Name of publisher, distributor, etc Paulines Publications Africa,
Date of publication, distribution, etc 2005.
300 ## - PHYSICAL DESCRIPTION
Extent 288 p. ;
Dimensions 21 cm.
600 10 - SUBJECT ADDED ENTRY--PERSONAL NAME
Personal name Akol, Jacob J.
650 #0 - SUBJECT ADDED ENTRY--TOPICAL TERM
Topical term or geographic name as entry element Dinka (African people)
Form subdivision Biography.
651 #0 - SUBJECT ADDED ENTRY--GEOGRAPHIC NAME
Geographic name Sudan
Form subdivision Biography.
856 41 - ELECTRONIC LOCATION AND ACCESS
Materials specified Table of contents
Uniform Resource Identifier <a href="http://www.loc.gov/catdir/toc/fy0605/2005326509.html">http://www.loc.gov/catdir/toc/fy0605/2005326509.html</a>
942 ## - ADDED ENTRY ELEMENTS (KOHA)
Source of classification or shelving scheme
Holdings
Withdrawn status Lost status Source of classification or shelving scheme Damaged status Not for loan Collection code Home library Current library Shelving location Date acquired Source of acquisition Cost, normal purchase price Total Checkouts Full call number Barcode Date last seen Copy number Price effective from Koha item type
    Library of Congress Classification     Special Collection AIU/NEGST - Tony Wilmot Memorial Library AIU/NEGST - Tony Wilmot Memorial Library Special Collection 06/21/2016 Donation-SIL Sudan Library 30.00   S DT 155.2.D56A38 2005 R35141M3232 09/26/2019 1 08/31/2017 Special Collection